000 00685nam a2200241Ia 4500
003 OSt
005 20220918201225.0
006 a|||||r|||| 00| 0
007 ta
008 220917b |||||||| |||| 00| 0 eng d
024 _a92,484
037 _cTextual
040 _aARTS
_cARTS
_beng
041 _2eng
_aeng
082 _aV:(R), M5
100 _aDanto Arthur C
_977987
245 0 _aNarration and knowledge ; including the intergral tesxt of analytical philosophy of histiory
260 _aNew York
_bColumbia Univ Press USA
_c1985
300 _axvii,399p
_ccm.
650 _aHISTORY
942 _hV:(R), M5
_cTEXL
_2CC
999 _c216137
_d216137